Central Library OPAC University of Rajshahi

Ulysses with Ulysses : (Record no. 63421)

MARC details
000 -LEADER
fixed length control field 00745nam a2200241 a 4500
001 - CONTROL NUMBER
control field 63421
003 - CONTROL NUMBER IDENTIFIER
rucl marc code BD-RjUL
005 - DATE AND TIME OF LATEST TRANSACTION
control field 20211209081209.0
008 - FIXED-LENGTH DATA ELEMENTS--GENERAL INFORMATION
fixed length control field 170130r1969 nyu 000 0 eng
035 ## - SYSTEM CONTROL NUMBER
System control number (BD-RjUL)63550
040 ## - CATALOGING SOURCE
Original cataloging agency DLC
Transcribing agency DLC
Modifying agency BD-RjUL
Language of cataloging eng
041 ## - LANGUAGE CODE
Language code of text/sound track or separate title eng
082 ## - DEWEY DECIMAL CLASSIFICATION NUMBER
Edition number 23
Classification number 821.8
Author mark and year JOU 1969
090 ## - LOCALLY ASSIGNED LC-TYPE CALL NUMBER (OCLC); LOCAL CALL NUMBER (OCLC)
Classification number (OCLC) (R) ; Classification number, CALL (RLIN) (NR) PR6019.O98
Local cutter number (OCLC) ; Book number/undivided call number, CALL (RLIN) U4 1975, Suppl.
099 ## - LOCAL FREE-TEXT CALL NUMBER (OCLC)
Bangla Class number PR6019.O98.U4 1975 Suppl.
100 1# - MAIN ENTRY--PERSONAL NAME
Personal name Joyce, James,
Dates associated with a name 1882-1941.
9 (RLIN) 187223
245 10 - TITLE STATEMENT
Title Ulysses with Ulysses :
Remainder of title a short history /
Statement of responsibility, etc. James Joyce and Richard Ellmann
260 ## - PUBLICATION, DISTRIBUTION, ETC. (IMPRINT)
Place of publication, distribution, etc. Harmondsworth :
Name of publisher, distributor, etc. Penguin Books,
Date of publication, distribution, etc. 1969.
300 ## - PHYSICAL DESCRIPTION
Pagination 430 p. ;
Size 19 cm.
600 10 - SUBJECT ADDED ENTRY--PERSONAL NAME
Personal name Joyce, James,
Dates associated with a name 1882-1941
General subdivision Manuscripts.
700 1# - ADDED ENTRY--PERSONAL NAME
Personal name Ellmann, Richard
942 ## - ADDED ENTRY ELEMENTS (KOHA)
Source of classification or shelving scheme Dewey Decimal Classification
Koha item type Books
Holdings
Lost status Source of classification or shelving scheme Damaged status Not for loan Collection code Permanent Location Current Location Shelving location Date acquired Source of acquisition Cost, normal purchase price Total Checkouts Full call number Date last seen Copy number Koha item type
  Dewey Decimal Classification   Not For Loan Fiction Central Library, University of Rajshahi Central Library, University of Rajshahi Reading Room 11/09/1990 shaukat osman 63.00   821.8 JOU 1969 30/01/2017 C-1 Books